[Event "Hradec Kralove Region-chT 2223"]
[Site "Czech Republic"]
[Date "2022.10.09"]
[Round "1.5"]
[White "Bednar, Jan2"]
[Black "Marek, Petr"]
[Result "0-1"]
[WhiteElo "1623"]
[BlackElo "1824"]
[PlyCount "82"]
[EventDate "2022.10.09"]
[EventType "team-tourn"]
[EventRounds "11"]
[EventCountry "CZE"]
[SourceTitle "EXT 2024"]
[Source "ChessBase"]
[SourceDate "2023.10.10"]
[SourceVersion "1"]
[SourceVersionDate "2023.10.10"]
[SourceQuality "1"]

1. e4 e5 2. Nf3 Nc6 3. Bc4 Nf6 4. d3 Be7 5. a3 d6 6. h3 0-0 7. Bg5 Na5 8. Ba2 c5 9. Nbd2 Qc7 10. 0-0 b5 11. b4 Nc6 12. bxc5 dxc5 13. Qe2 a6 14. Nb3 b4 15. a4 Nd4 16. Nfxd4 cxd4 17. f4 Bb7 18. Bxf6 Bxf6 19. fxe5 Bxe5 20. a5 Rac8 21. Rf5 g6 22. Rf2 Bh2+ 23. Kh1 Bg3 24. Rf3 Be5 25. Rf2 Qe7 26. Nc1 Qh4 27. Qf1 Rc7 28. Bb3 Bc8 29. Rf3 Bg4 30. Ne2 Bxf3 31. Qxf3 Rc6 32. Ng1 Rf6 33. Qe2 Rf2 34. Nf3 Qg3 35. Qxf2 Qxf2 36. Nxe5 Rc8 37. Nc4 Rc6 38. e5 g5 39. Rc1 g4 40. Nd6 gxh3 41. gxh3 Qf3+ 0-1

[Event "CZE-chT2D 2122"]
[Site "Czech Republic"]
[Date "2022.02.13"]
[Round "8.7"]
[White "Svub, Jan"]
[Black "Marek, Petr"]
[Result "1-0"]
[WhiteElo "1835"]
[BlackElo "1860"]
[PlyCount "125"]
[EventDate "2021.10.17"]
[EventType "team-tourn"]
[EventRounds "11"]
[EventCountry "CZE"]
[SourceTitle "EXT 2025"]
[Source "ChessBase"]
[SourceDate "2024.10.14"]
[SourceVersion "1"]
[SourceVersionDate "2024.10.14"]
[SourceQuality "1"]
[WhiteTeam "Lanskroun"]
[BlackTeam "Hradec Kralove Slavia"]
[WhiteTeamCountry "CZE"]
[BlackTeamCountry "CZE"]

1. d4 d5 2. Nf3 Nf6 3. c4 e6 4. g3 c6 5. Qc2 Be7 6. Nbd2 Nbd7 7. Bg2 0-0 8. 0-0 Bd6 9. b3 e5 10. cxd5 Nxd5 11. Nc4 Qe7 12. Nxd6 Qxd6 13. dxe5 Nxe5 14. Bb2 Ng4 15. Rfd1 Qe7 16. e4 Nc7 17. Nd4 Nh6 18. Rac1 Bd7 19. Qc3 f6 20. Re1 Qf7 21. Re2 Rad8 22. Rce1 Bc8 23. Rd2 Rfe8 24. Red1 a6 25. Nf5 Rxd2 26. Nxh6+ gxh6 27. Rxd2 Kg7 28. Rd6 Re6 29. Rxe6 Bxe6 30. Qd2 Ne8 31. Bc1 Qg6 32. Qd8 Qf7 33. Bb2 Qd7 34. Qxd7+ Bxd7 35. e5 Be6 36. exf6+ Nxf6 37. Be4 a5 38. f4 a4 39. Bc2 c5 40. Kf2 axb3 41. axb3 Kf7 42. Bxf6 Kxf6 43. Kf3 h5 44. h4 Bf7 45. Ke3 b5 46. Kd2 h6 47. Ke3 b4 48. Kd2 Ke7 49. Kc1 Kd6 50. Kd2 Kd5 51. Ke3 c4 52. bxc4+ Kxc4 53. Kd2 Kd4 54. Bb1 b3 55. Bh7 Kc4 56. f5 b2 57. Kc2 Kd4 58. Bg6 Bd5 59. f6 Ke3 60. Bxh5 Kf2 61. g4 Kg3 62. g5 Kxh4 63. g6 1-0

[Event "CZE-chT2C 1819"]
[Site "Czech Republic"]
[Date "2019.01.13"]
[Round "6.8"]
[White "Nentvich, Libor"]
[Black "Marek, Petr"]
[Result "0-1"]
[WhiteElo "1812"]
[BlackElo "1917"]
[PlyCount "112"]
[EventDate "2018.10.14"]
[EventType "team-tourn"]
[EventRounds "11"]
[EventCountry "CZE"]
[SourceTitle "EXT 2022"]
[Source "ChessBase"]
[SourceDate "2021.10.06"]
[SourceVersion "1"]
[SourceVersionDate "2021.10.06"]
[SourceQuality "1"]
[WhiteTeam "Praha Vrsovice"]
[BlackTeam "Hradec Kralove II"]
[WhiteTeamCountry "CZE"]
[BlackTeamCountry "CZE"]

1. e4 e5 2. Nf3 Nc6 3. d4 exd4 4. Nxd4 Nf6 5. Nxc6 bxc6 6. e5 Qe7 7. Qe2 Nd5 8. c4 Ba6 9. b3 g6 10. Bb2 Bg7 11. Nd2 0-0 12. Qe4 Nb6 13. Bd3 d5 14. Qe2 Rae8 15. f4 f6 16. Nf3 Qb4+ 17. Qd2 Qxd2+ 18. Kxd2 fxe5 19. fxe5 dxc4 20. Be2 Nd5 21. Bd4 c3+ 22. Ke1 Bxe2 23. Kxe2 Bh6 24. Kd3 Nf4+ 25. Kxc3 Nxg2 26. Rhf1 Ne3 27. Bxe3 Bxe3 28. Rae1 Bb6 29. Nd2 Rxf1 30. Nxf1 Kf7 31. Nd2 Ke6 32. Nc4 Rf8 33. Re2 Rf2 34. Rxf2 Bxf2 35. Kd3 h5 36. Ke4 g5 37. Nb2 g4 38. Nd3 Bg1 39. Nf4+ Ke7 40. h3 Bh2 41. hxg4 hxg4 42. Kf5 Bxf4 43. Kxf4 Ke6 44. Kxg4 Kxe5 45. Kg5 Kd4 46. Kf5 c5 47. Ke6 c4 48. bxc4 Kxc4 49. Kd7 c5 50. Kc6 Kd4 51. a4 c4 52. a5 c3 53. a6 c2 54. Kb7 c1Q 55. Kxa7 Qc7+ 56. Ka8 Kc5 0-1

[Event "CZE-chT2C 1819"]
[Site "Czech Republic"]
[Date "2018.12.16"]
[Round "5.8"]
[White "Marek, Petr"]
[Black "Pick, Stepan"]
[Result "0-1"]
[WhiteElo "1917"]
[BlackElo "2017"]
[PlyCount "36"]
[EventDate "2018.10.14"]
[EventType "team-tourn"]
[EventRounds "11"]
[EventCountry "CZE"]
[SourceTitle "EXT 2022"]
[Source "ChessBase"]
[SourceDate "2021.10.06"]
[SourceVersion "1"]
[SourceVersionDate "2021.10.06"]
[SourceQuality "1"]
[WhiteTeam "Hradec Kralove II"]
[BlackTeam "Pankrac II"]
[WhiteTeamCountry "CZE"]
[BlackTeamCountry "CZE"]

1. e4 e6 2. f4 d5 3. e5 c5 4. Nf3 Nc6 5. c3 Be7 6. Be2 Nh6 7. 0-0 0-0 8. Na3 f6 9. Nc2 fxe5 10. fxe5 Bd7 11. d4 Nf5 12. Ne3 Nxe3 13. Bxe3 cxd4 14. cxd4 Rc8 15. a3 Be8 16. b4 Bg6 17. Qd2 Be4 18. Bg5 Rxf3 0-1

[Event "CZE-chT2C 1819"]
[Site "Czech Republic"]
[Date "2018.11.18"]
[Round "3.7"]
[White "Lochman, Vaclav"]
[Black "Marek, Petr"]
[Result "1/2-1/2"]
[WhiteElo "1988"]
[BlackElo "1917"]
[PlyCount "69"]
[EventDate "2018.10.14"]
[EventType "team-tourn"]
[EventRounds "11"]
[EventCountry "CZE"]
[SourceTitle "EXT 2022"]
[Source "ChessBase"]
[SourceDate "2021.10.06"]
[SourceVersion "1"]
[SourceVersionDate "2021.10.06"]
[SourceQuality "1"]
[WhiteTeam "Mlada Boleslav"]
[BlackTeam "Hradec Kralove II"]
[WhiteTeamCountry "CZE"]
[BlackTeamCountry "CZE"]

1. e4 e5 2. Nf3 Nc6 3. Bc4 Nf6 4. d3 Be7 5. c3 0-0 6. 0-0 d6 7. Bb3 Bg4 8. Re1 Na5 9. Bc2 c5 10. Nbd2 Qc7 11. Nf1 b5 12. Ng3 Nc6 13. h3 Bd7 14. Be3 a5 15. Qd2 a4 16. Red1 Rfd8 17. Nh4 Nxe4 18. dxe4 Bxh4 19. Qxd6 Qxd6 20. Rxd6 Be7 21. Rd2 g6 22. Rad1 Be6 23. Rxd8+ Rxd8 24. Rxd8+ Nxd8 25. a3 Nb7 26. Kf1 Na5 27. Bd3 Nc4 28. Bc1 Kf8 29. Ke2 Ke8 30. Nf1 f5 31. Ne3 Nxe3 32. Bxb5+ Bd7 33. Bxd7+ Kxd7 34. Bxe3 c4 35. f3 1/2-1/2

[Event "CZE-chT2D 1617"]
[Site "Czech Republic"]
[Date "2017.02.26"]
[Round "9.8"]
[White "Marek, Petr"]
[Black "Schaffer, Ondrej"]
[Result "1-0"]
[WhiteElo "1942"]
[BlackElo "1883"]
[PlyCount "71"]
[EventDate "2016.10.09"]
[EventType "team-tourn"]
[EventRounds "11"]
[EventCountry "CZE"]
[SourceTitle "EXT 2022"]
[Source "ChessBase"]
[SourceDate "2021.10.06"]
[SourceVersion "1"]
[SourceVersionDate "2021.10.06"]
[SourceQuality "1"]
[WhiteTeam "Hradec Kralove II"]
[BlackTeam "Policka Stefanydes"]
[WhiteTeamCountry "CZE"]
[BlackTeamCountry "CZE"]

1. e4 e5 2. Nf3 Nc6 3. d4 exd4 4. Bc4 h6 5. 0-0 Bc5 6. c3 d3 7. Re1 Qe7 8. b4 Bb6 9. a4 a5 10. b5 Ne5 11. Nxe5 Qxe5 12. Qf3 Nf6 13. Bf4 Qc5 14. e5 0-0 15. exf6 Qxc4 16. Qg3 g6 17. Bxh6 Rd8 18. Bf4 Qc5 19. Re5 d5 20. Qh4 Bg4 21. Nd2 Re8 22. Ne4 Qf8 23. Bh6 Rxe5 24. Bxf8 Bh5 25. Qf4 Kxf8 26. Qxe5 dxe4 27. Qg5 Rd8 28. g4 d2 29. Rd1 e3 30. fxe3 Rd3 31. Qh6+ Ke8 32. Qh8+ Kd7 33. gxh5 Rxe3 34. Kg2 Re2+ 35. Kg3 gxh5 36. Qxh5 1-0

[Event "CZE-chT2D 1617"]
[Site "Czech Republic"]
[Date "2016.10.30"]
[Round "2.8"]
[White "Marek, Petr"]
[Black "Krcil, Ales"]
[Result "0-1"]
[WhiteElo "1942"]
[BlackElo "2096"]
[PlyCount "74"]
[EventDate "2016.10.09"]
[EventType "team-tourn"]
[EventRounds "11"]
[EventCountry "CZE"]
[SourceTitle "EXT 2022"]
[Source "ChessBase"]
[SourceDate "2021.10.06"]
[SourceVersion "1"]
[SourceVersionDate "2021.10.06"]
[SourceQuality "1"]
[WhiteTeam "Hradec Kralove II"]
[BlackTeam "Zdar nad Sazavou"]
[WhiteTeamCountry "CZE"]
[BlackTeamCountry "CZE"]

1. e4 e5 2. Nf3 Nc6 3. d4 exd4 4. Bc4 Bc5 5. 0-0 d6 6. Bg5 Nge7 7. c3 Bg4 8. h3 Bxf3 9. Qxf3 Ne5 10. Qe2 0-0 11. Bb3 Kh8 12. Kh1 f6 13. Bh4 g5 14. Bg3 N7g6 15. f4 gxf4 16. Bxf4 Nxf4 17. Rxf4 Ng6 18. Rf5 Qe7 19. Nd2 Rae8 20. Raf1 c6 21. Qf3 Nh4 22. Qg3 Nxf5 23. Rxf5 Qg7 24. Qh4 Re5 25. Rf3 Qg5 26. Qe1 Rfe8 27. Rg3 Qf4 28. Rg4 Qe3 29. Qf1 Qh6 30. Qc4 Rg5 31. Rxg5 Qxg5 32. cxd4 Bb6 33. Nf3 Qg6 34. Nh4 Qxe4 35. Qf7 Bxd4 36. Nf5 Qe1+ 37. Kh2 Bg1+ 0-1

[Event "CZE-chT2D 1516"]
[Site "Czech Republic"]
[Date "2016.02.21"]
[Round "8.7"]
[White "Marek, Petr"]
[Black "Pan, Vladimir"]
[Result "0-1"]
[WhiteElo "1953"]
[BlackElo "2024"]
[PlyCount "38"]
[EventDate "2015.10.18"]
[EventType "team-tourn"]
[EventRounds "11"]
[EventCountry "CZE"]
[SourceTitle "EXT 2022"]
[Source "ChessBase"]
[SourceDate "2021.10.06"]
[SourceVersion "1"]
[SourceVersionDate "2021.10.06"]
[SourceQuality "1"]
[WhiteTeam "Hradec Kralove II"]
[BlackTeam "Litovel Tatran II"]
[WhiteTeamCountry "CZE"]
[BlackTeamCountry "CZE"]

1. e4 c5 2. Nc3 d6 3. f4 e6 4. Bc4 a6 5. a4 Nf6 6. Nf3 Nc6 7. 0-0 Be7 8. d3 0-0 9. Qe1 d5 10. Bb3 Re8 11. Qg3 Nd4 12. f5 Nxb3 13. cxb3 dxe4 14. dxe4 exf5 15. e5 Ne4 16. Nxe4 fxe4 17. Bh6 Bf8 18. Rad1 Qb6 19. Rd6 Qxb3 0-1

[Event "CZE-chT2D 1314"]
[Site "Czech Republic"]
[Date "2013.12.01"]
[Round "3.7"]
[White "Vaculik, Jakub"]
[Black "Marek, Petr"]
[Result "1-0"]
[WhiteElo "2026"]
[BlackElo "1932"]
[PlyCount "53"]
[EventDate "2013.11.03"]
[EventType "team-tourn"]
[EventRounds "11"]
[EventCountry "CZE"]
[SourceTitle "EXT 2016"]
[Source "ChessBase"]
[SourceDate "2015.10.08"]
[SourceVersion "1"]
[SourceVersionDate "2015.10.08"]
[SourceQuality "1"]
[WhiteTeam "Velke Losiny"]
[BlackTeam "Hradec Kralove II"]
[WhiteTeamCountry "CZE"]
[BlackTeamCountry "CZE"]

1. d4 d5 2. Nf3 Nf6 3. c4 c6 4. Nc3 e6 5. Bg5 Nbd7 6. e3 Qa5 7. Nd2 Bb4 8. Bxf6 Nxf6 9. Qc2 0-0 10. Bd3 dxc4 11. Nxc4 Qc7 12. a3 Bxc3+ 13. bxc3 c5 14. 0-0 b6 15. e4 h6 16. e5 Nd5 17. Nd6 cxd4 18. cxd4 Qxc2 19. Bxc2 Rb8 20. Bd3 Bd7 21. Rab1 Rfd8 22. Rfc1 a5 23. g3 Ne7 24. Rc7 Nc8 25. Nb7 Rxb7 26. Rxb7 Bc6 27. Rb8 1-0

[Event "CZE-chT2D 1314"]
[Site "Czech Republic"]
[Date "2013.11.17"]
[Round "2.8"]
[White "Houska, Bronislav"]
[Black "Marek, Petr"]
[Result "1-0"]
[WhiteElo "2036"]
[BlackElo "1932"]
[PlyCount "62"]
[EventDate "2013.11.03"]
[EventType "team-tourn"]
[EventRounds "11"]
[EventCountry "CZE"]
[SourceTitle "EXT 2016"]
[Source "ChessBase"]
[SourceDate "2015.10.08"]
[SourceVersion "1"]
[SourceVersionDate "2015.10.08"]
[SourceQuality "1"]
[WhiteTeam "Policka"]
[BlackTeam "Hradec Kralove II"]
[WhiteTeamCountry "CZE"]
[BlackTeamCountry "CZE"]

1. c4 c5 2. Nf3 Nc6 3. Nc3 g6 4. g3 Bg7 5. Bg2 e6 6. 0-0 Nge7 7. e3 d5 8. cxd5 Nxd5 9. d4 cxd4 10. Nxd5 exd5 11. Nxd4 0-0 12. Qb3 Nxd4 13. exd4 Bxd4 14. Bh6 Bg7 15. Bxg7 Kxg7 16. Bxd5 Bh3 17. Rfd1 Rb8 18. Bg2 Qc8 19. Rac1 Qe6 20. Qc3+ Kg8 21. Re1 Qf5 22. Re5 Rbc8 23. Rxf5 Rxc3 24. Rxc3 Bxf5 25. Bxb7 Rd8 26. Kg2 Rd2 27. Ra3 Rxb2 28. Bd5 Rd2 29. Bb3 Rd7 30. Kf3 Be6 31. Bxe6 Rd3+ 1-0

[Event "CZE-chT2D 1213"]
[Site "Czech Republic"]
[Date "2013.03.24"]
[Round "11.7"]
[White "Travnicek, Petr"]
[Black "Marek, Petr"]
[Result "1-0"]
[WhiteElo "2138"]
[BlackElo "1917"]
[PlyCount "67"]
[EventDate "2012.10.14"]
[EventType "team-tourn"]
[EventRounds "11"]
[EventCountry "CZE"]
[SourceTitle "EXT 2016"]
[Source "ChessBase"]
[SourceDate "2015.10.08"]
[SourceVersion "1"]
[SourceVersionDate "2015.10.08"]
[SourceQuality "1"]
[WhiteTeam "Olomouc Garde"]
[BlackTeam "Hradec Kralove II"]
[WhiteTeamCountry "CZE"]
[BlackTeamCountry "CZE"]

1. d4 d5 2. Nf3 Nf6 3. Bf4 c5 4. e3 Nc6 5. c3 e6 6. Nbd2 Be7 7. h3 0-0 8. Bd3 Nh5 9. Bh2 f5 10. g4 Nf6 11. gxf5 exf5 12. dxc5 Ne4 13. Nb3 Bh4 14. Nxh4 Qxh4 15. Qf3 Be6 16. Bg3 Qf6 17. Bxe4 dxe4 18. Qe2 Ne5 19. Bxe5 Qxe5 20. Nd4 f4 21. 0-0-0 fxe3 22. Qxe3 Bxa2 23. b3 Qxc5 24. Kb2 a5 25. Kxa2 a4 26. b4 Qc4+ 27. Ka1 a3 28. Rc1 Rae8 29. Rhg1 Qc7 30. Rg2 Qe5 31. Rcg1 g6 32. h4 Rc8 33. Qh3 Rc7 34. Qe6+ 1-0

[Event "CZE-chT2D 1213"]
[Site "Czech Republic"]
[Date "2013.02.03"]
[Round "8.7"]
[White "Marek, Petr"]
[Black "Komarek, David"]
[Result "1/2-1/2"]
[WhiteElo "1917"]
[BlackElo "2164"]
[PlyCount "67"]
[EventDate "2012.10.14"]
[EventType "team-tourn"]
[EventRounds "11"]
[EventCountry "CZE"]
[SourceTitle "EXT 2016"]
[Source "ChessBase"]
[SourceDate "2015.10.08"]
[SourceVersion "1"]
[SourceVersionDate "2015.10.08"]
[SourceQuality "1"]
[WhiteTeam "Hradec Kralove II"]
[BlackTeam "Chrudim"]
[WhiteTeamCountry "CZE"]
[BlackTeamCountry "CZE"]

1. e4 e6 2. f4 d5 3. e5 c5 4. Nf3 Nc6 5. c3 Nh6 6. Na3 Nf5 7. Nc2 f6 8. d4 cxd4 9. cxd4 fxe5 10. fxe5 Bd7 11. a3 Be7 12. Bd3 0-0 13. 0-0 Qb6 14. Bxf5 Rxf5 15. Ne3 Rf7 16. Qd3 Na5 17. b4 Nc4 18. Nxc4 dxc4 19. Qc3 Raf8 20. Be3 Qa6 21. a4 Bxa4 22. b5 Qxb5 23. Rfb1 Qc6 24. d5 exd5 25. Nd4 Qg6 26. Rxb7 Bc5 27. Rxf7 Qxf7 28. Qa5 Bxd4 29. Bxd4 Bc2 30. Qxa7 Qg6 31. Qb6 Qxb6 32. Bxb6 Bd3 33. Bd4 h6 34. g3 1/2-1/2

[Event "CZE-chT2C 0809"]
[Site "Czech Republic"]
[Date "2008.10.12"]
[Round "1.8"]
[White "Marek, Petr"]
[Black "Michalek, Frantisek"]
[Result "0-1"]
[WhiteElo "1878"]
[BlackElo "2141"]
[PlyCount "94"]
[EventDate "2008.10.12"]
[EventType "tourn"]
[EventRounds "11"]
[EventCountry "CZE"]
[SourceTitle "EXT 2010"]
[Source "ChessBase"]
[SourceDate "2010.11.25"]
[SourceVersion "1"]
[SourceVersionDate "2010.11.25"]
[SourceQuality "1"]
[WhiteTeam "Hradec Kralove II"]
[BlackTeam "Kolin"]
[WhiteTeamCountry "CZE"]
[BlackTeamCountry "CZE"]

1. e4 Nf6 2. Nf3 Nxe4 3. Nc3 Nf6 4. d4 d5 5. Be2 Bf5 6. Bg5 h6 7. Bh4 e6 8. 0-0 Be7 9. Ne5 0-0 10. f4 Ne4 11. Bxe7 Qxe7 12. g4 Nxc3 13. bxc3 Be4 14. Bd3 Bxd3 15. Qxd3 Nd7 16. Qb5 Nxe5 17. fxe5 Qg5 18. Qe2 f5 19. exf6 Rxf6 20. Rxf6 Qxf6 21. Rf1 Qe7 22. c4 Re8 23. Re1 Qb4 24. h3 b6 25. a3 Qxc4 26. Qxc4 dxc4 27. Kf2 Kf7 28. Kf3 Ke7 29. Ke4 Kd6 30. Rf1 Re7 31. Rf8 c5 32. Rd8+ Kc7 33. Ra8 Kb7 34. Rf8 cxd4 35. Kxd4 e5+ 36. Ke4 Kc6 37. h4 Kb5 38. g5 hxg5 39. hxg5 Ka4 40. Rf3 b5 41. g6 Re6 42. Rg3 a5 43. Kd5 Re8 44. Rf3 e4 45. Re3 Rd8+ 46. Ke6 Rf8 47. Ke7 Rf6 0-1

[Event "Hradec Kralove Region-chT 0506"]
[Site "Czech Republic"]
[Date "2005.12.11"]
[Round "4.8"]
[White "Svida, Rostislav"]
[Black "Marek, Petr"]
[Result "1/2-1/2"]
[WhiteElo "1713"]
[BlackElo "1807"]
[PlyCount "43"]
[EventDate "2005.10.23"]
[EventType "team-tourn"]
[EventRounds "11"]
[EventCountry "CZE"]
[SourceTitle "EXT 2024"]
[Source "ChessBase"]
[SourceDate "2023.10.10"]
[SourceVersion "1"]
[SourceVersionDate "2023.10.10"]
[SourceQuality "1"]
[WhiteTeam "Dvur Kralove nad Labem"]
[BlackTeam "Hradec Kralove Slavia III"]
[WhiteTeamCountry "CZE"]
[BlackTeamCountry "CZE"]

1. d4 Nf6 2. c4 e6 3. Nc3 b6 4. e4 Bb7 5. Bd3 c5 6. d5 exd5 7. exd5 Be7 8. Nf3 0-0 9. 0-0 d6 10. Re1 Nbd7 11. Qc2 h6 12. Nh4 Re8 13. Nf5 Bf8 14. Rxe8 Nxe8 15. Bf4 Nef6 16. Re1 Nh5 17. Bc1 Bc8 18. Qe2 Nhf6 19. Ne7+ Bxe7 20. Qxe7 Qxe7 21. Rxe7 Kf8 22. Re2 1/2-1/2

[Event "Nachod op 0304"]
[Site "Nachod"]
[Date "2004.??.??"]
[Round "?"]
[White "Hejzlar, Zdenek"]
[Black "Marek, Petr"]
[Result "0-1"]
[WhiteElo "1925"]
[BlackElo "1665"]
[PlyCount "64"]
[EventDate "2003.12.??"]
[EventType "swiss"]
[EventRounds "9"]
[EventCountry "CZE"]
[SourceTitle "EXT 2007"]
[Source "ChessBase"]
[SourceDate "2006.11.23"]
[SourceVersion "1"]
[SourceVersionDate "2006.11.23"]
[SourceQuality "1"]

1. d4 d5 2. Bf4 Nf6 3. Nd2 Bf5 4. c3 e6 5. Qb3 b6 6. Ngf3 Bd6 7. Bg5 Nbd7 8. Nh4 0-0 9. Nxf5 exf5 10. Qc2 f4 11. g3 fxg3 12. hxg3 h6 13. Bf4 Bxf4 14. gxf4 c5 15. dxc5 Nxc5 16. e3 Re8 17. 0-0-0 Ng4 18. b4 Nxf2 19. bxc5 Nxh1 20. Nb3 Ng3 21. Bc4 Qf6 22. Bxd5 Rac8 23. Bb7 Rc7 24. c6 Rxe3 25. Nd4 Qxf4 26. Kb2 Rce7 27. Nb5 g6 28. Rd8+ Kg7 29. Kb3 Qe5 30. a4 Ne4 31. Kb4 a5+ 32. Kc4 Qc5+ 0-1

[Event "Nachod op 0304"]
[Site "Nachod"]
[Date "2004.??.??"]
[Round "?"]
[White "Marek, Petr"]
[Black "Kansky, Josef"]
[Result "1/2-1/2"]
[WhiteElo "1665"]
[BlackElo "1785"]
[PlyCount "91"]
[EventDate "2003.12.??"]
[EventType "swiss"]
[EventRounds "9"]
[EventCountry "CZE"]
[SourceTitle "EXT 2007"]
[Source "ChessBase"]
[SourceDate "2006.11.23"]
[SourceVersion "1"]
[SourceVersionDate "2006.11.23"]
[SourceQuality "1"]

1. d4 Nf6 2. c4 e6 3. Nc3 Bb4 4. Qc2 0-0 5. Nf3 d5 6. e3 Nbd7 7. a3 Bxc3+ 8. bxc3 c5 9. cxd5 exd5 10. Be2 Qc7 11. 0-0 Re8 12. Bb2 b6 13. Rac1 Bb7 14. c4 Rac8 15. Rfd1 Qb8 16. Qf5 dxc4 17. Bxc4 Be4 18. Qh3 b5 19. Be2 c4 20. Ng5 Bg6 21. f4 h6 22. f5 Bh7 23. Nxh7 Nxh7 24. d5 Qd6 25. Qg4 Nhf6 26. Qf3 Ne5 27. Qg3 Rcd8 28. Bc3 Ne4 29. Qf4 Nxc3 30. Rxc3 Qf6 31. Rc2 Rd6 32. e4 Red8 33. Rb1 a6 34. Qe3 Qe7 35. h3 Nd7 36. Qd4 Ne5 37. a4 b4 38. Bxc4 a5 39. Bb5 Qf6 40. Qe3 Qe7 41. Rbc1 Nd7 42. Qd4 Qh4 43. Rc7 Nf6 44. R1c4 Qe1+ 45. Kh2 Ng4+ 46. hxg4 1/2-1/2